000 00544nam a22001697a 4500
005 20251108164036.0
008 250721s1996 xx 000 0 ara d
082 1 4 _a216,534/قرض
100 1 _aالقرضاوى، يوسف
245 1 0 _aالنقاب للمرأة بين القول ببدعيته و القول بوجوبه /
264 1 _aالقاهرة :
_bمكتبة وهبه،
_c1996.
300 _a79ص
490 0 _aرسائل ترشيد الصحوه ؛ 3
650 1 7 _aالمرأة المسلمة
942 _2ddc
_cBK
999 _c2154
_d2154